| 000 | 00000nam 2200000za 4500 |
| 001 | 9.624027 |
| 003 | CaOODSP |
| 005 | 20210615104203 |
| 007 | ta |
| 008 | 150406|1996||||xxc||||| f|0| 0 fre d |
| 020 | |a0-662-81531-9 |
| 022 | |a0701-7944 |
| 040 | |aCaOODSP|bfre |
| 043 | |an-cn--- |
| 086 | 1 |aCW69-1/92F |
| 110 | 2 |aService canadien de la faune. |
| 245 | 10|aUtilisation des habitats côtiers du nord-est de la baie James par les bernaches / |cpar Austin Reed et al. |
| 260 | |aOttawa - Ontario : |bEnvironnement Canada. |c1996. |
| 300 | |a37p. : |bgraphiques, cartes, références, tableaux ; |c28 cm. |
| 490 | 1 |aPublication hors série - Service canadien de la faune|x0701-7944|v92 |
| 500 | |a«En 1990 et en 1991, l'utilisation des habitats côtiers par deux espèces d'oie, la Bernache du Canada (Branta canadensis) et la Bernache cravant (B. bernicla rota) a été étudiée le long de la côte nord-est de la baie James.»--Résumé. |
| 520 | 3 |aEn 1990 et en 1991, l'utilisation des habitats côtiers par deux espèces d'oie, la Bernache du Canada (Branta canadensis) et la Bernache cravant (B. bernicla rota) a été étudiée le long de la côte nord-est de la baie James.--Résumé |
| 530 | |aDisponible en format électronique. |
| 546 | |aAbstracts in English.) (Résumé en Inuktitut |
| 563 | |aCouverture souple |
| 590 | |a97-03|b1997-01-17 |
| 691 | 07|aOiseau|2gcpds |
| 720 | 1 |aReed, Austin |
| 775 | 08|tGoose use of the coastal habitats of northeastern James Bay / |w(CaOODSP)9.613333 |
| 776 | 0#|tUtilisation des habitats côtiers du nord-est de la baie James par les bernaches |w(CaOODSP)9.856673 |
| 830 | #0|aPublication hors-série (Service canadien de la faune)|x0701-7944|v92|w(CaOODSP)9.512900 |